[Event "WchT U26"]
[Site "Mendoza"]
[Date "1985.??.??"]
[Round "5"]
[White "Rozentalis, Eduardas"]
[Black "Anderson, Alan J"]
[Result "1-0"]
[WhiteElo "2490"]
[BlackElo "2265"]

1.e4 c5 2.c3 Nf6 3.e5 Nd5 4.d4 cxd4 5.Qxd4 e6 6.Nf3 Nc6 7.Qe4 f5 8.Qe2 d6
9.g3 dxe5 10.Nxe5 Nxe5 11.Qxe5 Qf6 12.Bb5+ Kf7 13.Qe2 a6 14.Bc4 Bd7 15.Nd2 Bc6
16.Nf3 Bd6 17.Ng5+ Ke7 18.O-O h6 19.Nf3 Kd7 20.Bb3 Rhe8 21.c4 Nb4 22.Be3 Bxf3
23.Qxf3 Kc7 24.Ba4 Nc6 25.b4 Be5 26.Rac1 Bb2 27.Rb1 Red8 28.Bxc6 bxc6 29.b5 axb5
30.cxb5 cxb5 31.Qe2 Rxa2 32.Qxb5 Rda8 33.Rfd1  1-0

[Event "WchT U26"]
[Site "Mendoza"]
[Date "1985.??.??"]
[Round "8"]
[White "Rozentalis, Eduardas"]
[Black "Martin del Campo, Roberto"]
[Result "1/2-1/2"]
[WhiteElo "2490"]
[BlackElo "2225"]

1.e4 c5 2.c3 Nf6 3.e5 Nd5 4.d4 cxd4 5.Qxd4 e6 6.Nf3 Nc6 7.Qe4 d6 8.Nbd2 dxe5
9.Nxe5 Nxe5 10.Qxe5 Qd6 11.Bb5+ Bd7 12.Bxd7+ Qxd7 13.Ne4 Qc7 14.Qd4 Nb6 15.O-O Rd8
16.Qe3 Be7 17.b3 O-O 18.c4 e5 19.Bb2 f5 20.Nc3 e4 21.Nb5 Qb8 22.Rad1 Rxd1
23.Rxd1 Rd8 24.Rxd8+ Qxd8 25.Qd4 Qf8 26.Nxa7 Bc5 27.Qe5 Nxc4 28.Qe6+ Kh8
29.bxc4 Bxa7 30.Qd7 e3 31.fxe3 f4  1/2-1/2

[Event "WchT U26"]
[Site "Mendoza"]
[Date "1985.??.??"]
[Round "10"]
[White "Espinoza Flores, Rafael"]
[Black "Zueger, Beat"]
[Result "1/2-1/2"]
[WhiteElo "2310"]
[BlackElo "2440"]

1.e4 c5 2.c3 Nf6 3.e5 Nd5 4.d4 cxd4 5.Nf3 Nc6 6.Bc4 Nb6 7.Bb3 d5 8.exd6 Qxd6
9.O-O Be6 10.Na3 Bxb3 11.Qxb3 Qd7 12.Rd1 e5 13.cxd4 exd4 14.Be3 Bxa3 15.Qxa3 Nc4
16.Qc5 Nxe3 17.fxe3 d3 18.Nd4 Qe7 19.Qxe7+ Kxe7 20.Nxc6+ bxc6 21.Rxd3 Rhd8
22.Rad1 Rxd3 23.Rxd3 Rb8 24.b3 a5 25.Rd4 Rb4 26.Rd3 a4 27.Kf2 axb3 28.axb3 c5
29.Ke2 c4  1/2-1/2

[Event "URS-chI"]
[Site "Minsk"]
[Date "1985.??.??"]
[Round "4"]
[White "Panchenko, Alexander N"]
[Black "Rashkovsky, Nukhim N"]
[Result "1/2-1/2"]
[WhiteElo "2435"]
[BlackElo "2410"]

1.e4 c5 2.c3 Nf6 3.e5 Nd5 4.d4 cxd4 5.Nf3 Nc6 6.Bc4 Nb6 7.Bb3 d5 8.exd6 Qxd6
9.O-O Be6 10.Bxe6 Qxe6 11.Nxd4 Nxd4 12.Qxd4 Rd8 13.Qh4 Qe2 14.Bd2 Qc4 15.Qg3 Qd3
16.Qh4 Qc4 17.Qg3 Qd3 18.Qf4 Qc4 19.Qg3 Qd3 20.Qh4 Qc4  1/2-1/2

[Event "Munich op"]
[Site "Munich"]
[Date "1985.??.??"]
[Round "?"]
[White "Volpert, Gilbert"]
[Black "Leitner, Maximilian"]
[Result "1/2-1/2"]
[WhiteElo "2200"]
[BlackElo "2250"]

1.e4 c5 2.c3 Nf6 3.e5 Nd5 4.d4 cxd4 5.cxd4 e6 6.Nf3 b6 7.a3 Bb7 8.Bd3 d6
9.O-O Nd7 10.Nbd2 Be7 11.exd6 Bxd6 12.Ne4 Be7 13.Bg5 N5f6 14.Nc3 O-O 15.Ne5 Nd5
16.Bxe7 Qxe7 17.Nxd5 Bxd5 18.Rc1 Nxe5 19.dxe5 Qg5 20.f3 Qxe5 21.Qe2 Qd4+
22.Kh1 Rac8 23.Ba6 Rxc1 24.Rxc1 Qf4 25.Rc3 g6 26.Qc2 h5 27.h3 Rd8 28.b4 Kh7
29.Qc1 Qxc1+ 30.Rxc1 Rd7 31.Bb5 Re7 32.h4 Kg7 33.Kg1 Kf6 34.Kf2 Ke5 35.Ke3 Kd6
36.g3 e5 37.Bd3 a5 38.bxa5 bxa5 39.Rb1 Rb7 40.Rxb7 Bxb7 41.g4 hxg4 42.fxg4 Ke6
43.g5 Bd5 44.Bb1 Kd6 45.Bd3 Kc5 46.Be2 Bc6 47.Bd3 Bd7 48.Be2 Bf5 49.Bf1 Kd5
50.Be2 Ke6 51.Bf3 f6 52.gxf6 Kxf6 53.Be2 g5 54.hxg5+ Kxg5 55.Bf3 Kg6 56.Be2 Kf6
57.Bd1 Ke7 58.Be2 Kd6 59.Bd1 Kc7 60.Be2 Kd6 61.Bf3 Bc2 62.Be2 Bb1 63.Bf1 Kc5
64.Be2 Ba2 65.Ke4 Kd6 66.Bd3 Bd5+ 67.Ke3 Kc5 68.Be2 Bf7 69.Ke4 Kd6 70.Ke3 Bd5
71.Bd3 Kc5 72.Be2 Bc4 73.Bd1 Ba2 74.Be2 Kd5 75.Bd3 Kc5 76.Be2 Kd5 77.Bd3 Bc4
78.Bc2 a4 79.Bxa4 Kc5 80.Ke4 Kb6 81.Kxe5 Ka5 82.Bc2 Be2 83.Kd4 Bh5 84.Kc5 Be8
85.Bb3 Bb5 86.Bc4  1/2-1/2

[Event "Munich op"]
[Site "Munich"]
[Date "1985.??.??"]
[Round "?"]
[White "Kuenzner, Franz"]
[Black "Keller, M."]
[Result "1/2-1/2"]
[WhiteElo "2200"]
[BlackElo "2230"]

1.e4 c5 2.c3 Nf6 3.e5 Nd5 4.d4 cxd4 5.cxd4 d6 6.Nf3 Nc6 7.Nc3 dxe5 8.dxe5 Ndb4
9.a3 Qxd1+ 10.Kxd1 Na6 11.b4 Nc7 12.Nb5 Nxb5 13.Bxb5 Bd7 14.Bd3 Rd8 15.Ke2 Bg4
16.Bb2 g6 17.Rhd1 Bh6 18.Bc4 O-O 19.h3 Bf5 20.Nd4 Nxd4+ 21.Rxd4 Bc2 22.Bd5 b6
23.b5 Ba4 24.Bc4 Rc8 25.Bd3 Bxb5 26.Bxb5 Rc2+ 27.Kf3 Rxb2 28.a4 Rc8 29.Re1 Rc3+
30.Rd3 Rxd3+ 31.Bxd3 Rb3 32.Ke2 Bf4 33.e6 f5 34.Rb1 Ra3 35.Bb5 Bd6 36.Rb2 Kg7
37.Bd7 Kf6 38.Rc2 Bc5 39.Rb2 g5 40.Rd2 h5 41.f3 Re3+ 42.Kd1 Ke5 43.Re2 f4
44.Be8 h4 45.Bd7 a6 46.Rc2 Bb4 47.Kc1 Bc3 48.Kb1 Kd4 49.Ka2 Re1 50.Kb3 Rb1+
51.Ka2 Rb4 52.Bc6 b5 53.axb5 axb5 54.Ka3 Kc4 55.Bd5+ Kd3 56.Bb3 Rd4 57.Ra2 Ke3
58.Bc2 Rb4 59.Bf5 Kd4 60.Re2 Kc5 61.Bg6 Rd4 62.Kb3 b4 63.Re5+ Rd5 64.Rxd5+  1/2-1/2

[Event "Rostock"]
[Site "Rostock"]
[Date "1985.??.??"]
[Round "2"]
[White "Bernard, Ryszard"]
[Black "Tischbierek, Raj"]
[Result "1/2-1/2"]
[WhiteElo "2400"]
[BlackElo "2460"]

1.e4 c5 2.c3 Nf6 3.e5 Nd5 4.d4 cxd4 5.cxd4 d6 6.Nf3 Nc6 7.Bc4 Nb6 8.Bb5 dxe5
9.Nxe5 Bd7 10.Bxc6 Bxc6 11.Nxc6 bxc6 12.O-O g6 13.Nc3 Bg7 14.Be3 O-O 15.Rc1 Nd5
16.Nxd5 cxd5 17.Qa4 Qb6 18.b3 a6 19.Rc5 e6 20.Rfc1 Qb7 21.g3 h5 22.h4 Rfe8
23.Qa5 Bf8 24.Rc7 Qb5 25.Qd2 Bd6 26.R7c6 Bb4 27.Qd1 Bf8 28.Rc7 Bd6 29.R7c6 Bf8
30.Rc7  1/2-1/2

[Event "Sochi"]
[Site "Sochi"]
[Date "1985.??.??"]
[Round "?"]
[White "Lputian, Smbat G"]
[Black "Sveshnikov, Evgeny"]
[Result "1/2-1/2"]
[WhiteElo "2530"]
[BlackElo "2530"]

1.e4 c5 2.c3 Nf6 3.e5 Nd5 4.Nf3 Nc6 5.d4 cxd4 6.cxd4 d6 7.Nc3 dxe5 8.dxe5 Nxc3
9.Qxd8+ Nxd8 10.bxc3 Bd7 11.Nd4 Nc6 12.Rb1 O-O-O 13.e6 fxe6 14.Bf4 e5 15.Nxc6 Bxc6
16.Bxe5 Rd5  1/2-1/2

[Event "Sochi"]
[Site "Sochi"]
[Date "1985.??.??"]
[Round "?"]
[White "Sveshnikov, Evgeny"]
[Black "Vera, Reynaldo"]
[Result "1-0"]
[WhiteElo "2530"]
[BlackElo "2480"]

1.e4 c5 2.c3 Nf6 3.e5 Nd5 4.d4 cxd4 5.Nf3 d6 6.Bc4 e6 7.cxd4 Be7 8.O-O O-O
9.Qe2 Bd7 10.Nc3 Nxc3 11.bxc3 Bc6 12.exd6 Bxd6 13.Ne5 Bxe5 14.Qxe5 Nd7 15.Qg3 Be4
16.Bb3 Rc8 17.c4 Qf6 18.Ba3 Rfd8 19.Rfe1 Qg6 20.Rad1 h6 21.f3 Qxg3 22.hxg3 Bg6
23.d5 exd5 24.Be7 dxc4 25.Bxc4 Rxc4 26.Bxd8 Nc5 27.Rc1 b5 28.Rxc4 bxc4 29.Re8+ Kh7
30.Ba5 Bb1 31.Rc8 Ne6 32.a3 Bd3 33.Bc3 h5 34.a4 h4 35.gxh4 Nf4 36.Bd2 Nd5
37.a5  1-0

[Event "Tatran Cup"]
[Site "Stary Smokovec"]
[Date "1985.??.??"]
[Round "?"]
[White "Blatny, Pavel"]
[Black "Banas, Jan"]
[Result "1/2-1/2"]
[WhiteElo "2390"]
[BlackElo "2395"]

1.e4 c5 2.c3 Nf6 3.e5 Nd5 4.d4 cxd4 5.Nf3 Nc6 6.Bc4 Nb6 7.Bb3 d5 8.exd6 Qxd6
9.O-O Be6 10.Na3 Bxb3 11.Qxb3 Qd5 12.Nb5 Rc8 13.Nbxd4 Nxd4 14.Nxd4 e6 15.Rd1 Bc5
16.Qb5+ Qd7 17.Qe2 Qe7 18.Nb3 O-O 19.Nxc5 Qxc5 20.Be3 Qc6 21.Bd4 f6 22.Bxb6 axb6
23.Rd2 Rcd8 24.Rad1 Rd5 25.Rxd5 exd5 26.Re1 Rc8 27.g3 Rc7 28.Rd1 g6 29.Rd4 Kf7
30.Qd2 Rd7 31.c4 Ke6 32.Qe3+ Kf7 33.cxd5 Rxd5 34.Qb3 Ke6 35.Rxd5 Qxd5 36.Qxb6+ Kf5
37.a3 g5 38.Qe3 h5 39.f3 Qd1+ 40.Kf2 g4 41.Qe4+ Kg5 42.Qe2 Qh1 43.f4+ Kf5
44.Ke3 Ke6 45.Kd2+ Kd6 46.a4 f5 47.Kc3 Qc6+ 48.Qc4 Qh1 49.Qd4+ Kc7 50.Qe5+ Kb6
51.Kb4 Ka7 52.Qxf5 Qxh2 53.Qa5+ Kb8 54.Qe5+ Ka7 55.f5 h4 56.Qd4+ Ka8 57.f6 Qe2
58.Qf4 hxg3 59.f7 Qe7+ 60.Kc3 Qf8 61.Qxg3 Qg7+ 62.Kc2 Qg6+ 63.Kd2 Qxf7 64.Qxg4 Qb3
65.Qd4 b6 66.Kc1 Ka7 67.Qe4 Kb8 68.Qc6 Ka7 69.Kb1 Kb8 70.Qc2 Qd5 71.Ka1 Kb7
72.Qe2 Qb3 73.Qe4+ Kb8 74.Kb1 Ka7  1/2-1/2

[Event "Tirnavia"]
[Site "Trnava"]
[Date "1985.??.??"]
[Round "5"]
[White "Nun, Josef"]
[Black "Spassov, Liuben"]
[Result "1/2-1/2"]
[WhiteElo "2395"]
[BlackElo "2415"]

1.e4 c5 2.c3 Nf6 3.e5 Nd5 4.d4 cxd4 5.Nf3 Nc6 6.Bc4 Nb6 7.Bb3 d5 8.exd6 Qxd6
9.O-O Be6 10.Bxe6 Qxe6 11.Nxd4 Nxd4 12.Qxd4 Rd8 13.Qh4 Qe2 14.Nd2 e6 15.Qg3 Qd3
16.Nf3 f6 17.Be3 Qd7 18.Bxb6 axb6 19.Rfe1 Kf7 20.Qf4 Bd6 21.Qe4 Bb8 22.Rad1 Bd6
23.Rd2 g6 24.Qc4 Rhe8 25.Rde2 Re7 26.Nd2 h5 27.Ne4 Qc7 28.Nxd6+ Rxd6 29.Qf4 Qd8
30.Qh6 Qf8 31.Qc1 Qd8 32.Qc2 Qd7 33.Re3 Rd2 34.Qb3 Qd6 35.h3 Qf4 36.Rf3 Qd6
37.a4 g5 38.Rf5 Rc7 39.Rb5 Rc6 40.Rf1 Kg6 41.a5 bxa5 42.Rxb7 Qd5 43.Qa4 Rc8
44.Rb5 Qc4 45.Qxa5 Rcd8 46.Qa6 e5 47.b3 Qxc3 48.Rb6 e4 49.Qb7 Qe5 50.Rb5 Qf4
51.Rb4 Re2 52.Qa7 Red2 53.Qe7 Rxf2 54.Qxe4+ Qxe4 55.Rxe4 Rxf1+ 56.Kxf1 Kf5
57.Re2 h4 58.Kf2 Rb8 59.Re3 Kf4 60.Ke2  1/2-1/2

[Event "Vestmannaeyjum"]
[Site "Vestmannaeyjum"]
[Date "1985.??.??"]
[Round "1"]
[White "Arnason, Asgeir T"]
[Black "Tisdall, Jonathan D"]
[Result "1/2-1/2"]
[WhiteElo "2250"]
[BlackElo "2420"]

1.e4 c5 2.c3 Nf6 3.e5 Nd5 4.d4 cxd4 5.Nf3 Nc6 6.Bc4 Nb6 7.Bb3 d5 8.exd6 Qxd6
9.O-O Bf5 10.cxd4 Bxb1 11.Rxb1 e6 12.Qd3 Be7 13.Rd1 O-O 14.Ng5 Bxg5 15.Bxg5 Nd5
16.a3 Rac8 17.Re1 h6 18.Bd2 Rfd8 19.Rbd1 Nce7 20.g3 Rc6 21.Rc1 Rxc1 22.Rxc1 Nc6
23.Rd1 Nf6 24.Bc3 Ne7 25.Qc4 Nfd5 26.Bd2 Nc6 27.Qd3 Rd7 28.Bc2 Nf6 29.Bc3 Qd5
30.b4 Ne7 31.Ba4 Rc7 32.Re1 a6 33.Bd2 Qc4 34.Qe3 Nf5 35.Qe5 Nxd4 36.Bd1 Rd7
37.Bxh6 Nc6 38.Qg5 Ne8 39.Be2 Qe4 40.Qe3 Qf5 41.Bf4 Nf6 42.Qc5 Nd5 43.b5 axb5
44.Bxb5 Nxf4 45.Qxf5 exf5 46.gxf4 Rd4  1/2-1/2

[Event "Vestmannaeyjum"]
[Site "Vestmannaeyjum"]
[Date "1985.??.??"]
[Round "5"]
[White "Kristjansson, Bragi"]
[Black "Tisdall, Jonathan D"]
[Result "1/2-1/2"]
[WhiteElo "2295"]
[BlackElo "2420"]

1.e4 c5 2.c3 Nf6 3.e5 Nd5 4.d4 cxd4 5.cxd4 d6 6.Nf3 Nc6 7.Bc4 Nb6 8.Bb5 dxe5
9.Nxe5 Bd7 10.Nc3 Nxe5 11.dxe5 Bxb5 12.Nxb5 Qxd1+ 13.Kxd1 O-O-O+ 14.Ke2 Rd5
15.a4 Rxe5+ 16.Be3 Nd5 17.Rac1+ Kb8 18.Rhd1 e6 19.Nc7 Be7 20.Nxd5 exd5 21.Kf1 Bg5
22.Bd4 Rf5 23.Rc3 Bf6 24.Bxf6  1/2-1/2

[Event "Bayern-ch"]
[Site "Bayern"]
[Date "1986.??.??"]
[Round "?"]
[White "Schmidt, Gerhardt"]
[Black "Wachinger, Guenther"]
[Result "1-0"]
[WhiteElo "2235"]
[BlackElo "2295"]

1.e4 c5 2.c3 Nf6 3.e5 Nd5 4.d4 cxd4 5.Nf3 e6 6.cxd4 d6 7.Bc4 Nc6 8.Qe2 dxe5
9.dxe5 Bb4+ 10.Bd2 Bxd2+ 11.Nbxd2 Na5 12.Bxd5 exd5 13.Nd4 O-O 14.O-O Qb6
15.N2b3 Nxb3 16.Nxb3 Be6 17.Qd2 Rac8 18.Nd4 Rc4 19.Rad1 Rfc8 20.h3 a5 21.Kh1 Qb4
22.f4 g6 23.Qf2 Qe7 24.f5 gxf5 25.b3 Rc3 26.Qf4 Qd7 27.Qg5+ Kf8 28.Nxf5 Bxf5
29.Rxf5 R8c6 30.Rdf1 Rg6 31.Rxf7+ Qxf7 32.Qd8+ Kg7 33.Rxf7+ Kxf7 34.Qxd5+ Re6
35.Qxb7+ Kg6 36.Qe4+ Kg7 37.Qg4+ Rg6 38.Qd7+ Kh6 39.Qd2+  1-0

[Event "Bayern-ch"]
[Site "Bayern"]
[Date "1986.??.??"]
[Round "?"]
[White "Roeder, Gerd"]
[Black "Wimmer, Herbert"]
[Result "1/2-1/2"]
[WhiteElo "2280"]
[BlackElo "2200"]

1.e4 c5 2.c3 Nf6 3.e5 Nd5 4.d4 cxd4 5.cxd4 d6 6.Bc4 Nb6 7.Bb3 dxe5 8.Qh5 e6
9.dxe5 Nc6 10.Nf3 g6 11.Qg5 Qxg5 12.Bxg5 Bg7 13.Bf4 Nb4  1/2-1/2

[Event "OHRA-B"]
[Site "Brussels"]
[Date "1986.??.??"]
[Round "?"]
[White "Kerkhof, Philippe"]
[Black "Karolyi, Tibor Jr"]
[Result "0-1"]
[WhiteElo "2215"]
[BlackElo "2410"]

1.e4 c5 2.c3 Nf6 3.e5 Nd5 4.d4 e6 5.Nf3 cxd4 6.cxd4 b6 7.Bd3 Ba6 8.O-O Be7
9.a3 O-O 10.Re1 Bxd3 11.Qxd3 d6 12.Nc3 Nxc3 13.bxc3 Nc6 14.Bf4 dxe5 15.Nxe5 Rc8
16.Re3 Nxe5 17.Bxe5 Bd6 18.Rh3 g6 19.Re1 Bxe5 20.Rxe5 Qd6 21.Qe3 Rfd8 22.g4 Rc7
23.Qg5 Qf8 24.Qh4 h6 25.Rf3 Rd6 26.Qf6 Rdc6 27.c4 Qe7 28.Qxe7 Rxe7 29.Rc3 Rd7
30.Re4 Rdc7 31.c5 bxc5 32.dxc5 Rxc5 33.Rb3 Rc4 34.Rxc4 Rxc4 35.h3 Ra4 36.Kg2 Kg7
37.Kg3 Kf6 38.f4 g5 39.fxg5+ hxg5 40.Re3 Ke7  0-1

[Event "FRA-chB"]
[Site "Epinal"]
[Date "1986.??.??"]
[Round "8"]
[White "Litique, Michel"]
[Black "Lautier, Joel"]
[Result "1/2-1/2"]
[WhiteElo "2100"]
[BlackElo "2220"]

1.e4 c5 2.c3 Nf6 3.e5 Nd5 4.d4 cxd4 5.cxd4 d6 6.Nf3 Nc6 7.Bc4 Nb6 8.Bb5 e6
9.Nc3 Bd7 10.O-O Nb4 11.Bg5 Be7 12.Ne4 dxe5 13.Nd6+ Kf8 14.Bxe7+ Kxe7 15.Qd2 N6d5
16.Nxf7 Kxf7 17.Nxe5+ Kg8 18.Bxd7 Qe7 19.a3 Na6 20.Qa5 g6 21.Bc6 Nf6 22.Rac1 Kg7
23.Bb5 Nd5 24.Bxa6 bxa6 25.Qxa6 Rhf8 26.Rc6 Rae8 27.Rcc1 Qg5 28.g3 Qd2 29.Qxa7+ Re7
30.Qa6 Qxb2 31.Rb1 Qc3 32.Rb7 Rc7 33.Rxc7+ Nxc7 34.Qd6 Qc2 35.Qe7+ Kg8 36.Qc5 Qxc5
37.dxc5 Ra8 38.Rd1 Nd5 39.Rd3 Kf8 40.Nd7+ Ke7 41.Nb6 Rd8 42.Nxd5+ exd5 43.f4 Ke6
44.Kf2 Rc8 45.Re3+ Kd7 46.Rc3 Re8 47.c6+ Kc7 48.Re3 Ra8 49.Re7+ Kxc6 50.Rxh7 Rxa3
51.Rh6 Ra2+ 52.Ke3 Kc5 53.Rxg6 Rxh2 54.Rg8 Kd6 55.Rd8+ Ke6 56.g4 Rh3+ 57.Kd4 Rf3
58.Rf8 Ke7 59.Rf5 Ke6 60.Re5+ Kf7 61.Rf5+ Ke6 62.Re5+ Kf7 63.f5 Rf4+ 64.Kxd5 Rxg4
65.Re6 Rg1  1/2-1/2

[Event "Gausdal Int"]
[Site "Gausdal"]
[Date "1986.??.??"]
[Round "?"]
[White "Schmittdiel, Eckhard"]
[Black "Vinje Gulbrandsen, Arne"]
[Result "1/2-1/2"]
[WhiteElo "2350"]
[BlackElo "2320"]

1.e4 c5 2.c3 Nf6 3.e5 Nd5 4.d4 cxd4 5.Bc4 Qc7 6.Qe2 Nb6 7.Bd3 d5 8.Bf4 Nc6
9.h3 g6 10.Nf3 dxc3 11.Nxc3 Bg7 12.Nb5 Qd8 13.e6 Bxe6 14.Nc7+ Kf8 15.O-O Bd7
16.Nxa8 Nxa8 17.Rad1 f6 18.Bb5 Nb6 19.Be3 e6 20.Nd4 Kf7 21.Rc1 Qa8 22.Nb3 Rd8
23.a4 e5 24.a5 Nc8 25.Nc5 Be8 26.f4 e4 27.Rfd1 N8e7 28.a6 bxa6 29.Nxa6 Qb7
30.Nc5 Qb8 31.Rd2 f5 32.Rcd1 Qc8 33.Ba6 Qc7 34.Bc4 Nb4 35.Bb3 Bc6 36.g4 Qd6
37.gxf5 gxf5 38.Kh1 Qh6 39.Kh2 Ng6 40.Ra1 Ra8 41.Na6 Nxf4 42.Qf1 Be5 43.Kh1 Bb5
44.Qg2 Bxa6 45.Rxd5 Kf6 46.Rxe5 Kxe5 47.Bxf4+ Qxf4 48.Qg7+ Kd6 49.Qf6+ Kc7
50.Qe7+ Kb8 51.Qxb4+ Bb7 52.Qf8+ Bc8 53.Qb4+ Bb7 54.Qf8+ Bc8 55.Qb4+  1/2-1/2

[Event "Bundesliga 8586"]
[Site "Germany"]
[Date "1986.??.??"]
[Round "?"]
[White "Eppinger, Georg"]
[Black "Sehner, Norbert"]
[Result "1/2-1/2"]
[WhiteElo "2335"]
[BlackElo "2320"]

1.e4 c5 2.c3 Nf6 3.e5 Nd5 4.d4 e6 5.Nf3 d6 6.Bc4 Nb6 7.Bb5+ Bd7 8.Bxd7+ Qxd7
9.dxc5 dxc5 10.O-O Nc6 11.Qxd7+ Nxd7 12.Bf4 h6 13.h4 Be7 14.Re1 O-O-O 15.Nbd2 Nb6
16.Ne4 Rd5 17.Kf1 g5 18.hxg5 hxg5 19.Nexg5 Bxg5 20.Bxg5 Nxe5 21.Nxe5 Rh1+
22.Ke2 Rxe5+ 23.Be3 Rxe1+ 24.Rxe1 Nc4 25.b3 Nxe3 26.fxe3 c4 27.b4 Rg5 28.Rg1 a5
29.a3 Kc7 30.g4 f5 31.Kf3 axb4 32.axb4 Kc6 33.e4 Kb5 34.Ra1 fxg4+ 35.Kf4 Rg6
36.Ra5+ Kb6 37.Kg3 Kc6 38.Rc5+ Kd6 39.e5+ Kd7 40.Rxc4 Rg5 41.Re4 b5 42.Kh4 Rf5
43.Rd4+  1/2-1/2

[Event "Bundesliga 8586"]
[Site "Germany"]
[Date "1986.??.??"]
[Round "?"]
[White "Heidrich, Manfred"]
[Black "Eppinger, Georg"]
[Result "0-1"]
[WhiteElo "2260"]
[BlackElo "2335"]

1.e4 c5 2.c3 Nf6 3.e5 Nd5 4.d4 cxd4 5.cxd4 d6 6.Nf3 Nc6 7.Nc3 dxe5 8.dxe5 Ndb4
9.a3 Qxd1+ 10.Kxd1 Na6 11.b4 Nc7 12.Nb5 Nxb5 13.Bxb5 Bg4 14.Ke2 e6 15.Be3 a6
16.Bxc6+ bxc6 17.Rhc1 Kd7 18.Rc4 Bxf3+ 19.Kxf3 Be7 20.Rd1+ Kc7 21.Rdc1 Rhb8
22.Rxc6+ Kd7 23.Bb6 Rb7 24.Rc7+ Rxc7 25.Rxc7+ Ke8 26.Bc5 Bd8 27.Rb7 a5 28.b5 Rc8
29.Bd6 Rc2 30.Ke3 g5 31.a4 g4 32.Rb8 Kd7 33.b6 Rc8 34.Rb7+ Kc6 35.Rxf7 Kxb6
36.Kd3 Rc1 37.Rg7 Rd1+ 38.Kc3 Rxd6 39.Rxg4 Rd7 40.Rg8 Be7 41.f4 Kc6 42.Ra8 Bb4+
43.Kc4 Rd2 44.Ra6+ Kd7 45.Ra7+ Ke8 46.Rxh7 Rxg2 47.f5 Rg4+ 48.Kb5 exf5 49.Kc6 Be7
50.Kd5 Rh4 51.Rg7 Kf8 52.Rg2 Rxa4 53.Ke6 f4 54.Rc2 Rd4  0-1

[Event "Hamburg HSV"]
[Site "Hamburg"]
[Date "1986.??.??"]
[Round "?"]
[White "Lautier, Joel"]
[Black "Wahls, Matthias"]
[Result "0-1"]
[WhiteElo "2255"]
[BlackElo "2460"]

1.e4 c5 2.c3 Nf6 3.e5 Nd5 4.d4 cxd4 5.Nf3 Nc6 6.Bc4 Nb6 7.Bb3 d5 8.exd6 Qxd6
9.O-O Be6 10.Na3 dxc3 11.Nb5 Qxd1 12.Rxd1 Rc8 13.Bxe6 fxe6 14.bxc3 Na4 15.Bf4 h6
16.h4 g6 17.Re1 Bg7 18.Rxe6 Kf7 19.Re3 a6 20.Nbd4 Nxc3 21.Nxc6 Rxc6 22.Be5 Bf6
23.Rd3 Rhc8 24.Re1 Re6 25.Rd7 b5 26.Ra7 Rcc6 27.a3 Nd5 28.g3 Kg7 29.Kg2 Bxe5
30.Rxe5 Rcd6 31.Rxe6 Rxe6 32.Nd4 Rd6 33.Kf3 Kf7 34.Ke4 Nc3+ 35.Kd3 Nb1 36.Ke3 Nxa3
37.Nb3 Rc6 38.Kd4 Nc2+ 39.Kd3 Nb4+ 40.Ke2 Rc2+  0-1

[Event "Helsinki"]
[Site "Helsinki"]
[Date "1986.??.??"]
[Round "4"]
[White "Valkesalmi, Kimmo"]
[Black "Yrjola, Jouni"]
[Result "1/2-1/2"]
[WhiteElo "2405"]
[BlackElo "2440"]

1.e4 c5 2.c3 Nf6 3.e5 Nd5 4.d4 cxd4 5.Nf3 Nc6 6.Bc4 Nb6 7.Bb3 d6 8.exd6 Qxd6
9.O-O g6 10.Ng5 e6 11.Qf3 Qe7 12.Ne4 f5 13.Ng5 Bg7 14.Re1 e5 15.Nf7 Rf8 16.Bg5 Qc5
17.Nxe5 Nxe5 18.cxd4 Qxd4 19.Nc3 Be6 20.Qf4 Qxf4 21.Bxf4  1/2-1/2

[Event "ISR-ch"]
[Site "?"]
[Date "1986.??.??"]
[Round "?"]
[White "Kotliar, Mark"]
[Black "Gruenfeld, Yehuda"]
[Result "0-1"]
[WhiteElo "2305"]
[BlackElo "2535"]

1.e4 c5 2.c3 Nf6 3.e5 Nd5 4.d4 cxd4 5.Nf3 d6 6.cxd4 Nc6 7.Bc4 dxe5 8.Bxd5 Qxd5
9.Nc3 Qd6 10.d5 Nd4 11.Nxd4 exd4 12.Qxd4 e5 13.Qd3 Bd7 14.f4 f5 15.fxe5 Qxe5+
16.Qe2 Bd6 17.Qxe5+ Bxe5 18.O-O O-O 19.Bf4 Bd4+ 20.Kh1 Rac8 21.Rf3 Rfe8 22.Rd1 Rc4
23.Bd2 Bf6 24.Re1 Rxe1+ 25.Bxe1 b5 26.a3 a5 27.Rf2 Kf7 28.Re2 Rd4 29.Rd2 Rf4
30.Kg1 Bd4+ 31.Bf2 Rxf2 32.Rxf2 Bxf2+ 33.Kxf2 Kf6 34.Kf3 Ke5 35.Ke3 f4+ 36.Kd3 b4
37.axb4 axb4 38.Na2 Bb5+ 39.Kc2 Kxd5 40.Nxb4+ Ke4 41.Kd2 Bf1 42.Ke1 Bxg2
43.Kf2 Bh3 44.Nc2 g5 45.b4 Bc8 46.b5 Bb7 47.Nb4 Ke5 48.Na2 h5 49.Nc1 Bd5
50.b6 Kd6 51.Ne2 h4 52.Nd4 Ke5 53.Nb3 g4 54.Na5 g3+ 55.Kg1 Kd6 56.h3 f3 57.Kf1 f2
58.Ke2 Kd7 59.Kf1 Be6  0-1

[Event "ISR-ch"]
[Site "?"]
[Date "1986.??.??"]
[Round "?"]
[White "Kotliar, Mark"]
[Black "Brook, Otto"]
[Result "0-1"]
[WhiteElo "2305"]
[BlackElo "2285"]

1.e4 c5 2.c3 Nf6 3.e5 Nd5 4.d4 cxd4 5.Nf3 Nc6 6.Bc4 Nb6 7.Bb3 d6 8.exd6 Qxd6
9.O-O Be6 10.Bxe6 Qxe6 11.Nxd4 Nxd4 12.Qxd4 Rd8 13.Qh4 Qe2 14.Be3 Qxb2 15.Nd2 Rxd2
16.Bxd2 Qxd2 17.Rfd1 Qh6 18.Qg3 Qc6 19.Rab1 Qc8 20.Qe5 e6 21.Qb5+ Qc6 22.Qxc6+ bxc6
23.a4 Bc5 24.a5 Nc8 25.Rb8 Ke7 26.Rb7+ Kf6 27.Rb8 Ke7 28.Rb7+ Kf6 29.Rb8 Re8
30.Rd7 Re7 31.Rbb7 Rxd7 32.Rxd7 Ne7 33.Kf1 e5 34.c4 Ke6 35.Rd8 Bb4 36.Ra8 Bxa5
37.Rxa7 Bb6 38.Ra8 Bd4 39.Rd8 c5 40.g4 e4 41.h4 g6 42.Re8 f5 43.g5 f4 44.Rf8 e3
45.fxe3 fxe3 46.Rf4 Nf5 47.Re4+ Kd6 48.Kg2 Be5 49.Kf3 e2 50.Kf2 Bd4+ 51.Kg2 Be3  0-1

[Event "ISR-ch"]
[Site "?"]
[Date "1986.??.??"]
[Round "?"]
[White "Kotliar, Mark"]
[Black "Birnboim, Nathan"]
[Result "1-0"]
[WhiteElo "2305"]
[BlackElo "2430"]

1.e4 c5 2.c3 Nf6 3.e5 Nd5 4.d4 cxd4 5.Nf3 d6 6.exd6 e6 7.Nxd4 Bxd6 8.g3 Nc6
9.Bg2 O-O 10.Nxc6 bxc6 11.O-O e5 12.Nd2 Be6 13.Ne4 Be7 14.h4 f6 15.Qe2 Kh8
16.Rd1 Qc7 17.c4 Nb6 18.b3 f5 19.Ng5 Bg8 20.Bb2 Bf6 21.Rd2 Rae8 22.Rad1 e4
23.Bxf6 Rxf6 24.a4 e3 25.Rd4 f4 26.gxf4 Rxf4 27.fxe3 Rxd4 28.Rxd4 Qg3 29.Qf2 Qc7
30.Rf4 Nd7 31.Nf3 Nc5 32.Rf5 Nxb3 33.Ng5 Qd6 34.Qf3 Qb4 35.Nf7+ Bxf7 36.Rxf7 Kg8
37.Qf4 Qxa4 38.Kh2 Qa5 39.Bxc6 Qd2+ 40.Bg2 a5 41.Rb7 Rf8 42.Rb8  1-0

[Event "GLC Masters"]
[Site "London"]
[Date "1986.??.??"]
[Round "1"]
[White "Walker, Susan"]
[Black "Gallagher, Joseph G"]
[Result "0-1"]
[WhiteElo "2220"]
[BlackElo "2325"]

1.e4 c5 2.c3 Nf6 3.e5 Nd5 4.d4 cxd4 5.Nf3 e6 6.cxd4 b6 7.Nc3 Nxc3 8.bxc3 Qc7
9.Qc2 Bb7 10.Bd3 d6 11.Bf4 Nd7 12.exd6 Bxd6 13.Bxd6 Qxd6 14.Be4 Bxe4 15.Qxe4 Rc8
16.O-O O-O 17.Rfc1 Rc7 18.Rc2 Rfc8 19.Rac1 b5 20.h4 h6 21.g3 Qa3 22.Kg2 Nb6
23.Ne5 Nd5 24.Qf3 Nb4 25.cxb4 Qxf3+ 26.Kxf3 Rxc2 27.Rd1 R8c3+  0-1

[Event "GLC Masters"]
[Site "London"]
[Date "1986.??.??"]
[Round "7"]
[White "Walker, Susan"]
[Black "Nicholson, John G"]
[Result "1/2-1/2"]
[WhiteElo "2220"]
[BlackElo "2320"]

1.e4 c5 2.c3 Nf6 3.e5 Nd5 4.d4 cxd4 5.Nf3 e6 6.cxd4 b6 7.Nc3 Nxc3 8.bxc3 Qc7
9.Bd2 Bb7 10.Bd3 d6 11.O-O Nd7 12.Re1 dxe5 13.dxe5 Be7 14.Rc1 O-O 15.Bf4 Nc5
16.Bb1 Qc6 17.Qe2 Rad8 18.h4 Rd7 19.Be3 Ba6 20.c4 Bb7 21.Red1 Rfd8 22.Rxd7 Rxd7
23.Rd1 g6 24.h5 Rxd1+ 25.Qxd1 Qa4 26.Qd4 Qd7 27.hxg6 hxg6 28.Nd2 Qxd4 29.Bxd4 Ba6
30.f4 Nb7 31.Kf2 Bb4 32.Ne4 Bxc4 33.Ke3 Kf8 34.g4 Ke7 35.Kf3 Bd5 36.Ke3 Ba3
37.Kd2 Na5 38.Bf2 Nc4+ 39.Ke2 Nb2 40.Bh4+ Kd7 41.Nf6+ Kc6 42.Nxd5 Kxd5 43.Kf3 Kc6
44.Be4+ Kd7 45.Be1 Na4 46.Bc2 Nc5 47.Bf2 Kc6 48.Bxc5 Kxc5 49.Ke4 b5 50.f5 gxf5+
51.gxf5 Kc6 52.Bd1 Kd7 53.Bh5 exf5+  1/2-1/2

[Event "Moscow-B"]
[Site "Moscow"]
[Date "1986.??.??"]
[Round "?"]
[White "Makarichev, Sergey"]
[Black "Vasiukov, Evgeni"]
[Result "1/2-1/2"]
[WhiteElo "2495"]
[BlackElo "2480"]

1.e4 c5 2.c3 Nf6 3.e5 Nd5 4.d4 cxd4 5.Nf3 d6 6.Bc4 dxe5 7.Nxe5 e6 8.Qxd4 Nc6
9.Nxc6 bxc6 10.O-O Bb7 11.Bb3 Qb6 12.Qg4 O-O-O 13.Bg5 Nf6 14.Qh4 c5 15.Na3 h6
16.Bxf6 gxf6 17.Nc4 Qc6 18.f3 Be7 19.Na5 Qb6 20.Nxb7 Kxb7 21.Kh1 Qc7 22.Qc4 f5
23.f4 Qb6 24.Bd1 Qa6 25.Bf3+ Kb6 26.Qb3+ Qb5 27.Qc2 Qd3 28.Qf2 Qd2 29.Be2 Kc7
30.Rad1 Qxb2 31.Rb1 Qxc3 32.Rfc1 Qa3 33.Qe1 Rd4 34.Bf3 Rb8 35.Qe5+ Bd6 36.Qf6 Rxb1
37.Qxf7+ Kd8 38.Rxb1 Rb4 39.Rd1 Rd4 40.Rb1 Rb4  1/2-1/2

[Event "Oakham YM"]
[Site "Oakham"]
[Date "1986.??.??"]
[Round "7"]
[White "Blatny, Pavel"]
[Black "Pulkkinen, Kari"]
[Result "1-0"]
[WhiteElo "2415"]
[BlackElo "2245"]

1.e4 c5 2.c3 Nf6 3.e5 Nd5 4.d4 cxd4 5.Nf3 Nc6 6.Bc4 Nb6 7.Bb3 d5 8.exd6 Qxd6
9.O-O Bf5 10.Nxd4 Nxd4 11.cxd4 e6 12.Nc3 Be7 13.Qf3 Qd7 14.d5 O-O 15.Rd1 e5
16.d6 Bf6 17.Ne4 Bxe4 18.Qxe4 Rfd8 19.Be3 Rac8 20.Rd2 Qc6 21.Qf5 Qd7 22.Qe4 Qc6
23.Qg4 Qd7 24.Qb4 Rc6 25.Rad1 g6 26.Rc2 Rxd6 27.Rxd6 Qxd6 28.Qxd6 Rxd6 29.Rc7 Nd5
30.Rc8+ Kg7 31.Bxa7 Rd7 32.g3 Ne7 33.Re8 Nc6 34.Bc5 Be7 35.Bxe7 Nxe7 36.Ba4 Rc7
37.Rd8 Nc6 38.Bxc6 Rxc6 39.Rd5 Rb6 40.b3 Kf6 41.Kg2 Ke6 42.Ra5 f5 43.h4 h6
44.Kf3 Kf6 45.Ra4 Rb5 46.Ke3 g5 47.Rc4 Rd5 48.a4 e4 49.Rb4 Rd7 50.h5 Rc7
51.Rb5 Rd7 52.a5 Rc7 53.g4 Rc3+ 54.Kd2 Rd3+ 55.Ke1 fxg4 56.Rxb7 g3 57.fxg3 Ke5
58.a6 Rxg3 59.Rb4  1-0